000 00448nam a2200181Ia 4500
001 23070
005 20260414150913.0
008 260414t2019||||xx |||||||||||||| ||spa||
041 _aESP
082 _a624.1834
_bA148
100 _aAitcin, Pierre-Claude,
_eAUT
245 0 _aBlinder for durable and sustainable concrete
_b
260 _c2019
300 _a500 páginas :
_c24 cm.
650 _a0
654 _aCIC
942 _cLIB
_dJUS
_fJUS
_2ddc
_n
999 _c23070
_d23070